Gas production operations / (Record no. 11156)

MARC details
000 -LEADER
fixed length control field 00593nam a22001937a 4500
008 - FIXED-LENGTH DATA ELEMENTS--GENERAL INFORMATION
fixed length control field 251110b ||||| |||| 00| 0 eng d
020 ## - INTERNATIONAL STANDARD BOOK NUMBER
International Standard Book Number 0-930972-06-6
040 ## - CATALOGING SOURCE
Original cataloging agency AR-FvUNAJ
Modifying agency AR-FvUNAJ
Description conventions aacr2
082 14 - DEWEY DECIMAL CLASSIFICATION NUMBER
Edition number 14
Classification number 665.7
100 1# - MAIN ENTRY--PERSONAL NAME
9 (RLIN) 22015
Personal name Beggs, H. Dale
245 10 - TITLE STATEMENT
Title Gas production operations /
Statement of responsibility, etc H.Dale Beggs.
250 ## - EDITION STATEMENT
Edition statement 2nd.ed.
260 ## - PUBLICATION, DISTRIBUTION, ETC. (IMPRINT)
Place of publication, distribution, etc Tulsa :
Name of publisher, distributor, etc OGCI Publications,
Date of publication, distribution, etc 1985.
300 ## - PHYSICAL DESCRIPTION
Extent 304 p.
Other physical details il., tbl., graf.
650 #0 - SUBJECT ADDED ENTRY--TOPICAL TERM
Source of heading or term unescot
9 (RLIN) 12580
Topical term or geographic name as entry element GAS NATURAL
650 #0 - SUBJECT ADDED ENTRY--TOPICAL TERM
9 (RLIN) 14808
Topical term or geographic name as entry element YACIMIENTOS DE GAS
942 ## - ADDED ENTRY ELEMENTS (KOHA)
Source of classification or shelving scheme Dewey Decimal Classification
Item type Libro, folleto, traducción
980 ## - EQUIVALENCE OR CROSS-REFERENCE-SERIES STATEMENT--PERSONAL NAME/TITLE [LOCAL, CANADA]
Linkage 2
Personal name Virginia Figueroa
Field link and sequence number 2
Miscellaneous information Virginia Figueroa
Holdings
Withdrawn status Lost status Source of classification or shelving scheme Damaged status Not for loan Home library Current library Date acquired Full call number Barcode Date last seen Price effective from Koha item type
    Dewey Decimal Classification     Biblioteca Central Biblioteca Central 10/11/2025 665.7 BEG 2a.ed. UNAJ25110015 10/11/2025 10/11/2025 Libro, folleto, traducción

Lunes a Viernes 8:30 a 19:00 hs. Cerrado por mudanza
Av.Calchaqui 6200 Florencio Varela (CP188) 2°piso Edificio Mosconi Aula 209-210
Mail: bibliotecacentralunaj@gmail.com  
Whatsapp(54 9)1122668024    ❔Pregunte a la bibliotecaria
© Universidad Nacional Arturo Jauretche | Secretaría Académica | Biblioteca Central UNAJ